Top 5 European Leagues Top Assisters: 1999/00 - Statistics

General Stats
  • This quiz has been taken 4 times
  • The average score is 5 of 31
Answer Stats
League Assists Club Nationality Player % Correct
Serie A 14 Juventus Italy Alessandro Del Piero
100%
Serie A 12 Roma Italy Francesco Totti
100%
Serie A 11 Lazio Argentina Juan Sebastian Veron
75%
La Liga 12 Barcelona Portugal Luis Figo
75%
Bundesliga 10 Werder Bremen Brazil Ailton
50%
Bundesliga 10 Werder Bremen Austria Andreas Herzog
25%
Eredivisie 8 Feyenoord Ivory Coast Bonaventure Kalou
25%
Eredivisie 9 Ajax Denmark Brian Laudrup
25%
Eredivisie 11 PSV Belgium Luc Nilis
25%
Division 1 9 Marseille France Robert Pires
25%
La Liga 10 Celta Vigo Russia Aleksandr Mostovoy
0%
Division 1 8 PSG Algeria Ali Bernarbia
0%
Eredivisie 8 Twente Netherlands Arjan van der Laan
0%
La Liga 9 Valencia Argentina Claudio Lopez
0%
Division 1 5 Monaco France David Trezeguet
0%
Serie A 9 Parma Italy Diego Fuser
0%
Eredivisie 12 Roda Netherlands Eric van der Luer
0%
Eredivisie 8 PSV Finland Joonas Kolkka
0%
Division 1 5 PSG France Laurent Robert
0%
Bundesliga 10 Ulm Brazil Leandro
0%
La Liga 13 Rayo Vallecano Spain Luis Cembranos
0%
Division 1 5 Monaco Italy Marco Simone
0%
Bundesliga 11 Arminia Bielefeld Austria Markus Weissenberger
0%
Eredivisie 12 Heerenveen Finland Mika Nurmela
0%
Bundesliga 10 Bayer Leverkusen Germany Oliver Neuville
0%
La Liga 9 Racing Santander Spain Pedro Munitis
0%
Eredivisie 8 PSV Netherlands Ruud van Nistelrooy
0%
Bundesliga 12 Bayern Munich Germany Stefan Effenberg
0%
Serie A 9 Udinese Italy Stefano Fiore
0%
Division 1 6 Bordeaux France Sylvain Wiltord
0%
Bundesliga 10 1860 Munich Germany Thomas Hassler
0%
No matching quizzes found
Score Distribution
Percent of People with Each Score
Percentile by Number Answered
Your Score History
You have not taken this quiz